000 00363nam a2200157Ia 4500
008 210210b1927 xxu||||| |||| 00| 0 eng d
041 _aeng
082 _a829/134
100 _aCHARTERIS (Leslie)
245 _aX esquire
260 _aLondon
_bWard Lock & Co Ltd.,
_c1927
650 _aX
650 _aesquire
690 _aEnglish Fiction
906 _a016743
999 _c136413
_d136413